Statistiche per Quiz Cultura Generale - Quiz n°30

Clicka qui per fare il quiz!

Statistiche generali

  • Questo quiz è stato fatto 71 volte
    (15 dall'ultimo reset)
  • Il punteggio medio è 7 su 15

Statistiche sulle risposte

DomandaRisposta% Corretto
Quanti tempi ci sono nel modo condizionale italiano?2
100%
Quante corde ha il basso tradizionale?4
90%
Come si traduce in inglese "to sing"?Cantare
90%
Se a Parigi sono le ore 06:00, che ore sono a Tokyo (senza tenere conto dell'ora legale)?14:00
80%
Quanti ettogrammi ci sono in 2 chilogrammi?20
80%
Quali semi oleosi si possono trovare nella mortadella?Pistacchi
60%
Quale pianeta è stato declassato a pianeta nano nel 2006?Plutone
60%
Su quale corpo celeste si trova il Mare della Tranquillità?Luna
30%
Qual era il nome formale della Germania Ovest?Repubblica Federale di Germania
30%
Secondo la tradizione, chi avrebbe detto "Datemi una leva e solleverò il mondo"?Archimede
20%
Come si traduce il termine francese "après"?Dopo
20%
Chi ha scritto il Manifesto del Futurismo?Filippo Tommaso Marinetti
20%
Qual è la più antica trasmissione sportiva della televisione italiana?La Domenica Spotiva
20%
Quale re per ottenere la revoca della scomunica, fu costretto a inginocchiarsi per tre giorni e tre notti dinanzi al portale d'ingresso del castello di Canossa?Enrico IV
10%
Da quale città era partito il Titanic alla volta di New York?Southampton
10%

Distribuzione punteggi

Percentile per numero di risposta

Percentuale di utenti per punteggio

I tuoi punteggi nel tempo

Non hai fatto questo quiz dall'ultimo reset